000 00512nam a2200169Ia 4500
999 _c26446
_d26446
003 OSt
005 20201222110121.0
008 190216s9999||||xx |||||||||||||| ||und||
040 _coclc
082 _a894.8121
_bAIY/K
100 _aAiyer, Ulloor S Parameswara
_93277
245 0 _aKarnabhushanam /
_cUlloor S Parameswara Aiyer
260 _bUlloor Publishers,
_c1987.
_aThiruvananthapuram:
300 _a103p
650 _aKavithkal
942 _cBK
_2ddc
_h894.8121
_iAIY/K
_k894.8121
_mAIY/K